01488nam a2200265 a 450000100100000000500170001000800410002704000250006808200280009311000330012124000260015424500900018026000510027030000200032159000270034165100630036865100560043191000370048795201260052495201320065095201410078295201410092395201410106499900170120500003779420201002031120.0100219s2008 dr a 000 0 spa d aDO-SdBNPbspacBNPHU a342.729302bR426c, 20081 aRepública Dominicana.944713aConstitución (2002)10aConstitución de la República Dominicana :bproclamada el 25 de noviembre de 2002. aSanto Domingo :bCámara de Diputados,c2008. a68 p. ;c22 cm. aInventariado, 2018/ YL 4aRepública DominicanaxConstitución (2002{Rpara}910514 4aRepública DominicanazDerecho Constitucional9449 aValidado. Control de calidad MFF 0010718PDaPDbPDcHDd2013-03-06iLF1l0o342.729302 R426c, 2008p37794-10r2020-06-25w2020-06-25yLFPDZNo se presta 0010718PDaPDbPDcHDd2013-06-10iLF1l0o342.729302 R426c, 2008p37794-20r2020-06-25te. 2w2020-06-25yLFPDZNo se presta 001054708DSaPDbPDcHDd2013-07-15iLF1l0o342.729302 R426c, 2008p37794-30r2020-06-25te. 3w2020-06-25yLFDSZPréstamo en sala 001052708DSaPDbPDcHDd2013-07-17iLF1l0o342.729302 R426c, 2008p37794-40r2020-06-25te. 4w2020-06-25yLFDSZPréstamo interno 001052708DSaPDbPDcHDd2013-07-17iLF1l0o342.729302 R426c, 2008p37794-50r2020-06-25te. 5w2020-06-25yLFDSZPréstamo interno c37284d37284